Exercicios espirituales de S. Ignacio, obra posthuma (Record no. 8477)

MARC details
000 -CABECERA
campo de control de longitud fija 00988nam a2200265 a 4500
001 - NÚMERO DE CONTROL
campo de control BRCA_8826
005 - FECHA Y HORA DE LA ÚLTIMA TRANSACCIÓN
campo de control 20190320210428.0
008 - DATOS DE LONGITUD FIJA--INFORMACIÓN GENERAL
campo de control de longitud fija 050517s1764----sp-#######---#000-0#spa-#
041 ## - CÓDIGO DE LENGUA
Código de lengua del texto/banda sonora o título independiente spa
044 ## - CÓDIGO DEL PAÍS DE LA ENTIDAD EDITORA/PRODUCTORA
Código MARC del país sp
084 ## - OTRO NÚMERO DE CLASIFICACIÓN
Número de clasificación BE207
Número de documento/Ítem .A43 1764
100 1# - ENTRADA PRINCIPAL--NOMBRE DE PERSONA
Nombre de persona Ambrosio, Carlos
9 (RLIN) 21999
245 10 - MENCIÓN DE TÍTULO
Título Exercicios espirituales de S. Ignacio, obra posthuma
Mención de responsabilidad, etc. escrita en italiano por el P. Carlos Ambrosio; y traducida al español por el P. Pedro Lozano.
260 ## - PUBLICACIÓN, DISTRIBUCIÓN, ETC.
Lugar de publicación, distribución, etc. Madrid
Nombre del editor, distribuidor, etc. En la Imprenta de D. Gabriel Ramírez, y à su costa
Fecha de publicación, distribución, etc. 1764
300 ## - DESCRIPCIÓN FÍSICA
Extensión [4], [4], 406 p.
Dimensiones 15.2 x 10 cm.
500 ## - NOTA GENERAL
Nota general Con las licencias necesarias
500 ## - NOTA GENERAL
Nota general Con una anotación en la portada
500 ## - NOTA GENERAL
Nota general Estado físico. presenta encuadernación en pergamino desprendido, carece de cintas y algunas hojas manchadas
650 14 - PUNTO DE ACCESO ADICIONAL DE MATERIA--TÉRMINO DE MATERIA
Término de materia o nombre geográfico como elemento de entrada Oraciones
9 (RLIN) 22000
650 14 - PUNTO DE ACCESO ADICIONAL DE MATERIA--TÉRMINO DE MATERIA
Término de materia o nombre geográfico como elemento de entrada Ejercicios
9 (RLIN) 22001
700 1# - PUNTO DE ACCESO ADICIONAL--NOMBRE DE PERSONA
Nombre de persona Ramírez, Gabriel
Término indicativo de función/relación Impresor
9 (RLIN) 22002
700 1# - PUNTO DE ACCESO ADICIONAL--NOMBRE DE PERSONA
Nombre de persona Lozano, Pedro
Término indicativo de función/relación tr.
9 (RLIN) 22003
902 ## - CATALOGADOR
Iniciales CFM
942 ## - ELEMENTOS DE PUNTO DE ACCESO ADICIONAL (KOHA)
Fuente del sistema de clasificación o colocación Library of Congress Classification
Tipo de ítem Koha Libros
Holdings
Estado de retiro Estado de pérdida Estado dañado No para préstamo Localización permanente Ubicación/localización actual Fecha de adquisición Total de préstamos Signatura topográfica completa Código de barras Fecha visto por última vez Precio válido a partir de Tipo de ítem Koha
El ejemplar forma parte de la colección y puede ser consultado según las políticas vigentes.       Biblioteca del Museo Franz Mayer (Rogerio Casas-Alatriste) Biblioteca del Museo Franz Mayer (Rogerio Casas-Alatriste) 05/05/2017   BE207 .A43 1764 CFM00153 22/03/2019 22/03/2019 Libros